Gellér Józsefné született Varga Piroska
Elmentve itt :
| Dokumentumtípus: | Cikk |
|---|---|
| Megjelent: |
1941-06-26
|
| Sorozat: | Délmagyarország
17 No. 143 |
| Kulcsszavak: | Gellér Józsefné Varga Piroska, Gyászjelentés |
| Online Access: | http://dmarchiv.bibl.u-szeged.hu/41391 |
| LEADER | 00448nab a2200145 i 4500 | ||
|---|---|---|---|
| 001 | delm41391 | ||
| 005 | 20180927130016.0 | ||
| 008 | 180927s1941 hu o 0|| hun d | ||
| 040 | |a SZTE Délmagyarország Archívum |b hun | ||
| 041 | |a hun | ||
| 245 | 0 | 0 | |a Gellér Józsefné született Varga Piroska |h [elektronikus dokumentum] |
| 260 | |c 1941-06-26 | ||
| 300 | |a 4 | ||
| 490 | 0 | |a Délmagyarország |v 17 No. 143 | |
| 695 | |a Gellér Józsefné Varga Piroska, Gyászjelentés | ||